Islands in transition : the Dominican Republic, Puerto Rico, Jamaica
Αποθηκεύτηκε σε:
| Κύριος συγγραφέας: | |
|---|---|
| Μορφή: | Βιβλίο |
| Γλώσσα: | English |
| Δημοσίευση: |
Canadian Institute of Internationa Affairs,
1970.
|
| Έκδοση: | Canada : |
| Θέματα: | |
| Ετικέτες: |
Προσθήκη ετικέτας
Δεν υπάρχουν, Καταχωρήστε ετικέτα πρώτοι!
|
MARC
| LEADER | 00000cam a2200000 a 4500 | ||
|---|---|---|---|
| 001 | 1/113804 | ||
| 008 | 170508s1970####cn | ||| |||| ||eng|| | ||
| 040 | |a GR-MyUa |b gre |c GR-MyUa |e AACR2 | ||
| 041 | 0 | |a eng | |
| 082 | 7 | |a 320.972 |2 (23) | |
| 100 | 1 | |a Harbron, John D. | |
| 245 | 1 | 0 | |a Islands in transition : |b the Dominican Republic, Puerto Rico, Jamaica / |c John D. Harbron. |
| 250 | |a Canada : | ||
| 260 | |a Canadian Institute of Internationa Affairs, |b 1970. | ||
| 300 | |a 18 σ. ; |c 21 εκ. | ||
| 651 | 0 | |a Dominican Republic |x Politics and government. | |
| 651 | 0 | |a Puerto Rico |x Politics and government. | |
| 651 | 0 | |a Jamaica |x Politics and government. | |
| 852 | |a INST |b LESVOS |e 20170508 |h 320.972 HAR |p 005100059133 |q 005100059133 |t BK |y 0 | ||
| 970 | |a Τζαφέρη |b Ευαγγελία |z 08-05-2017 | ||